000 00413nam a22001337a 4500
020 _qPB.
040 _cFIZZA ISHAQ
082 _a158
_bCOV
100 _a Covey, Stephen R.
_9346
245 _aThe 7 habits of highly effective people: Powerful lessons in personal change/
_cStephen R. Covey.
260 _a London :
_b Simon & Schuster,
_c1989.
300 _a358 P. ;
_c5.5 x 0.9 x 8.44 inches
942 _2ddc
_cFIC
999 _c616787
_d616787